Lavanyadevi/ (Record no. 209230)

MARC details
000 -LEADER
fixed length control field 00612nam a22002297a 4500
005 - DATE AND TIME OF LATEST TRANSACTION
control field 20250218142044.0
010 ## - LCCN (DPL NO)
LC control number ENG-143845
020 ## - INTERNATIONAL STANDARD BOOK NUMBER
Terms of availability 950.00
International Standard Book Number 9789354428579
035 ## - SYSTEM CONTROL NUMBER
System control number EN-127377
037 ## - SOURCE OF ACQUISITION
Source of stock number/acquisition DBAD
082 ## - DEWEY DECIMAL CLASSIFICATION NUMBER
Classification number N
100 ## - MAIN ENTRY--PERSONAL NAME
Personal name Mahanta Banibrata
245 ## - TITLE STATEMENT
Title Lavanyadevi/
Statement of responsibility, etc Banibrata Mahanta
Remainder of title Kusum Khemani
260 ## - PUBLICATION, DISTRIBUTION, ETC. (IMPRINT)
Place of publication, distribution, etc Telanagan
Name of publisher, distributor, etc Orient Blackswan Private Limited
Date of publication, distribution, etc 2024
270 ## - ADDRESS
Address 3-6-752 Himayatnagar , Hyderabad
City Telengana
Postal code 500029
300 ## - PHYSICAL DESCRIPTION
Extent 247pg.
Dimensions 21cm(pb)
700 ## - ADDED ENTRY--PERSONAL NAME
9 (RLIN) 61951
700 ## - ADDED ENTRY--PERSONAL NAME
9 (RLIN) 61952
700 ## - ADDED ENTRY--PERSONAL NAME
9 (RLIN) 61953
700 ## - ADDED ENTRY--PERSONAL NAME
9 (RLIN) 61954
942 ## - ADDED ENTRY ELEMENTS (KOHA)
Source of classification or shelving scheme Dewey Decimal Classification
Item type English Books
Call number suffix MAH
Classification part N
Holdings
Withdrawn status Lost status Not for loan Collection code Home library Current library Date acquired Source of acquisition Cost, normal purchase price Full call number Barcode Copy number Cost, replacement price Koha item type
      Fiction Kasturba Gandhi Marg Kasturba Gandhi Marg 18/02/2025 Delivery of Books Act Division 950.00 MAH N EN-127377 1 950.00 English Books

© Delhi Public Library
Hit Counter
free hit counter